Kashf Al-Mahjub (Record no. 298547)

000 -LEADER
fixed length control field 00227 a2200109 4500
001 - CONTROL NUMBER
control field 63474
082 ## - DEWEY DECIMAL CLASSIFICATION NUMBER
Classification number 297.4 HAJ
090 ## - LOCALLY ASSIGNED LC-TYPE CALL NUMBER (OCLC); LOCAL CALL NUMBER (RLIN)
-- 37511
-- 37511
100 ## - MAIN ENTRY--PERSONAL NAME
Personal name Ali Al Hajwir
245 ## - TITLE STATEMENT
Title Kashf Al-Mahjub
260 ## - PUBLICATION, DISTRIBUTION, ETC.
Place of publication, distribution, etc. London
Name of publisher, distributor, etc. Luzac
942 ## - ADDED ENTRY ELEMENTS (KOHA)
Institution code [OBSOLETE] NUST-CAE
Call number prefix 297.4 HAJ
Holdings
Withdrawn status Lost status Damaged status Not for loan Collection code Permanent Location Current Location Date acquired Total Checkouts Full call number Barcode Date last seen Price effective from Koha item type
          College of Aeronautical Engineering (CAE) College of Aeronautical Engineering (CAE) 04/03/2017   297.4 HAJ CAEG-5439 04/05/2017 04/05/2017 Book
© 2023 Central Library, National University of Sciences and Technology. All Rights Reserved.